El general Ricardos y la campaña del Rosellón (Record no. 158091)
[ view plain ]
| 000 -LEADER | |
|---|---|
| campo de control de longitud fija | 01222nam a2200229 i 4500 |
| 001 - NÚMERO DE CONTROL | |
| campo de control | 158091 |
| 003 - IDENTIFICADOR DE NÚMERO DE CONTROL | |
| campo de control | ES-MaACL |
| 005 - FECHA Y HORA DE LA ÚLTIMA TRANSACCIÓN | |
| campo de control | 20250618143228.0 |
| 008 - DATOS DE LONGITUD FIJA--INFORMACIÓN GENERAL | |
| campo de control de longitud fija | 010724s1893 sp a |||| | spa d |
| 040 ## - FUENTE DE CATALOGACIÓN | |
| Centro catalogador/agencia de origen | CAM |
| Lengua de catalogación | spa |
| Centro/agencia transcriptor | CAM |
| 100 0# - ENTRADA PRINCIPAL--NOMBRE DE PERSONA | |
| Nombre de persona | López-Cerezo Andreu, Francisco. |
| 9 (RLIN) | 73505 |
| 245 13 - MENCIÓN DEL TÍTULO | |
| Título | El general Ricardos y la campaña del Rosellón |
| Resto del título | : conferencia dada el 13 de marzo de 1893 [en el Centro del Ejército y de la Armada] / |
| Mención de responsabilidad, etc. | por Francisco López-Cerezo y Andreu. |
| 260 ## - PUBLICACIÓN, DISTRIBUCIÓN, ETC. | |
| Lugar de publicación, distribución, etc. | Madrid : |
| Nombre del editor, distribuidor, etc. | Centro del Ejército y de la Armada, |
| Fecha de publicación, distribución, etc. | 1893 ( |
| Fabricante | Imp. de "El Correo Militar" a cargo de H. Sevilla) |
| 300 ## - DESCRIPCIÓN FÍSICA | |
| Extensión | 59 p. : |
| Otras características físicas | il. ; |
| Dimensiones | 23 cm. |
| 530 ## - NOTA DISPONIBLE DE FORMULARIO FÍSICO ADICIONAL | |
| Nota de formato físico adicional disponible | Disponible en formato digital. |
| 597 ## - NOTA DE DESCRIPCIÓN FÍSICA | |
| NOTA DE DESCRIPCIÓN FÍSICA | La il. en pag. 7 retrato de general Ricardos. |
| 600 27 - PUNTO DE ACCESO ADICIONAL DE MATERIA--NOMBRE DE PERSONA | |
| Nombre de persona | Ricardos Carrillo de Albornoz, Antonio, |
| Fechas asociadas al nombre | 1727-1794- |
| Subdivisión general | Biografías |
| Fuente del encabezamiento o término | |
| 9 (RLIN) | 131786 |
| 650 #4 - PUNTO DE ACCESO ADICIONAL DE MATERIA--TÉRMINO DE MATERIA | |
| Término de materia o nombre geográfico como elemento de entrada | Guerra de la primera coalición, 1792-1797- |
| Subdivisión general | Campañas- |
| Subdivisión geográfica | España. |
| 9 (RLIN) | 143162 |
| 852 ## - LOCALIZACIÓN | |
| Ubicación | ES-MaACL |
| Número de control de estantería | T-698-F-3 |
| Nota libre | -- Enc. hol. |
| -- | -- Ded. ms. del autor a la Biblioteca del Ateneo de Madrid |
| condición física | -- Falto de la cub. original |
| Nota libre | -- Enc. en un vol. facticio |
| 856 ## - LOCALIZACIÓN Y ACCESO ELECTRÓNICOS | |
| Identificador Uniforme de Recursos | <a href="http://bdh-rd.bne.es/viewer.vm?id=0000052542&page=1 ">http://bdh-rd.bne.es/viewer.vm?id=0000052542&page=1 </a> |
| Nota pública | Biblioteca Digital Hispánica |
| Estatus retirado | Estado de pérdida | Estado de daño | No para préstamo | Colección | Biblioteca de origen | Biblioteca actual | Ubicación en estantería | Fecha de adquisición | Total de préstamos | Signatura topográfica completa | Código de barras | Visto por última vez | Precio de reemplazo | Tipo de ítem Koha |
|---|---|---|---|---|---|---|---|---|---|---|---|---|---|---|
| Colección de folletos | Biblioteca del Ateneo de Madrid | Biblioteca del Ateneo de Madrid | Depósito folletos | 17/01/2008 | T-698-F-3 | 1165456 | 23/02/2023 | 23/02/2023 | Folleto |
